Too big to fail or too big to save? : examining the systemic threats of large financial institutions : hearing before the Joint Economic Committee, Congress of the United States, One Hundred Eleventh Congress, first session, April 21, 2009.

Bibliographic Details
Corporate Author: United States. Congress. Joint Economic Committee
Format: Government Document eBook
Language:English
Published: Washington : U.S. G.P.O., 2009.
Series:S. hrg. ; 111-117
Subjects:
Online Access:Electronic resource (PDF)

MARC

Tag First Indicator Second Indicator Subfields
LEADER 00000cam a22000001a 4500
001 in00004100447
005 20200117091353.0
006 m d f
007 cr bn mmmapmmp
008 091102s2009 dcu ob f000 0 eng d
035 |a chdc201000907 
040 |a UMI  |c UMI  |d UtOrBLW 
042 |a pcc 
043 |a n-us--- 
074 |a 1000-B 
086 0 |a Y 4.EC 7:S.HRG.111-117 
110 1 |a United States.  |b Congress.  |b Joint Economic Committee.  |0 http://id.loc.gov/authorities/names/n79040066 
245 1 0 |a Too big to fail or too big to save? :  |b examining the systemic threats of large financial institutions : hearing before the Joint Economic Committee, Congress of the United States, One Hundred Eleventh Congress, first session, April 21, 2009. 
246 3 0 |a Examining the systemic threats of large financial institutions 
264 1 |a Washington :  |b U.S. G.P.O.,  |c 2009. 
264 2 |a Washington :  |b For sale by the Supt. of Docs., U.S. G.P.O. 
300 |a iii, 82 pages, digital, PDF file. 
336 |a text  |b txt  |2 rdacontent 
337 |a computer  |b c  |2 rdamedia 
338 |a online resource  |b cr  |2 rdacarrier 
490 1 |a S. hrg. ;  |v 111-117 
500 |a Shipping list number: 2010-0040-P. 
504 |a Includes bibliographical references. 
500 |a Record is based on bibliographic data in ProQuest Congressional Hearings Digital Collection. Reuse except for individual research requires license from ProQuest, LLC. 
500 |a Electronic resource. 
533 |a Electronic reproduction.  |b [Bethesda, Md.] :  |c ProQuest,  |d 2010.  |e digital, PDF file.  |n ProQuest U.S. Congressional Hearings Digital Collection.  |n Mode of access: World Wide Web via ProQuest website. 
538 |a System requirements: PDF reader software. 
650 0 |a Bank failures  |z United States.  |0 http://id.loc.gov/authorities/subjects/sh2007101806 
650 0 |a Bank failures  |x Government policy  |z United States. 
650 0 |a Banks and banking  |x State supervision  |z United States.  |0 http://id.loc.gov/authorities/subjects/sh2007101810 
650 0 |a Intervention (Federal government)  |0 http://id.loc.gov/authorities/subjects/sh85067542 
776 0 8 |i Print version:   |a United States. Congress. Joint Economic Committee.  |t Too big to fail or too big to save?  |w 9780160844379  |w 0160844371  |w (OCoLC)462145393 
776 0 8 |i Microfiche version:   |a United States. Congress. Joint Economic Committee.  |t Too big to fail or too big to save?  |d [Bethesda, Md.] : ProQuest,[2010]  |o CIS 2010 J841-3  |w (ProQuest)cis01001684  
810 1 |a United States.  |b Congress.  |b Senate.  |t S. hrg. ;  |v 111-117.  |0 http://id.loc.gov/authorities/names/n83707917 
856 4 0 |u http://proxy.library.tamu.edu/login?url=http://search.proquest.com/congcomp/getdoc?HEARING-ID=HRG-2009-ECJ-0003  |y Electronic resource (PDF)  |t 0 
998 |a cis01001684  
999 f f |s 66ea3791-51dc-3907-8eaf-c82e7f1eabc2  |i 3465c33c-66f2-35f6-9d16-62419df2534f  |t 0 
952 f f |a Texas A&M University  |b College Station  |c Electronic Resources  |d Available Online  |t 0  |e Y 4.EC 7:S.HRG.111-117  |h Superintendent of Documents classification 
998 f f |a Y 4.EC 7:S.HRG.111-117  |t 0  |l Available Online